[Event "Fuerteventura"]
[Site "Fuerteventura"]
[Date "1992.??.??"]
[Round "?"]
[White "Lezcano Montalvo, Pedro"]
[Black "Almeida, Miguel Angel"]
[Result "1/2-1/2"]
[WhiteElo "2325"]
[BlackElo "2315"]
[PlyCount "38"]
[EventDate "1992.10.??"]
[Source "www.chesslib.no"]
[SourceDate "2004.05.04"]

1. e4 e5 2. Nf3 Nc6 3. Nc3 Nf6 4. d4 Bb4 5. Nxe5 Qe7 6. Qd3 Nxe5 7. dxe5 Qxe5 8. Bd2 O-O 9. O-O-O d6 10. f4 Qe7 11. Re1 Be6 12. Kb1 c6 13. Nd5 cxd5 14. Bxb4 dxe4 15. Qxd6 Qxd6 16. Bxd6 Rfe8 17. h3 Bd7 18. g4 Bc6 19. Bg2 Rad8 1/2-1/2

[Event "Miercurea Ciuc op"]
[Site "?"]
[Date "1998.??.??"]
[Round "4"]
[White "Ardeleanu Alin"]
[Black "Raceanu Valentin"]
[Result "1/2-1/2"]
[WhiteElo "2420"]
[BlackElo "2215"]
[PlyCount "100"]
[EventDate "1998.??.??"]
[Source "www.chesslib.no"]
[SourceDate "2004.05.04"]

1. e4 e5 2. Nf3 Nc6 3. Nc3 Nf6 4. d4 Bb4 5. Nxe5 O-O 6. Bd3 Nxd4 7. Be3 Ne6 8. O-O d6 9. Ng4 Nxg4 10. Qxg4 Bc5 11. Rae1 Bxe3 12. Rxe3 Qg5 13. Qxg5 Nxg5 14. f4 Ne6 15. e5 dxe5 16. Rxe5 b6 17. f5 Nc5 18. Bc4 Bd7 19. f6 Rfe8 20. Rxe8+ Rxe8 21. fxg7 Be6 22. Bb5 Rd8 23. b4 Nb7 24. Bc6 Nd6 25. Nd5 Kxg7 26. Nxc7 Bxa2 27. Ra1 Rc8 28. Rxa2 Rxc7 29. b5 Re7 30. Ra4 Re5 31. Rg4+ Kf6 32. c4 Rc5 33. Bd5 Nxb5 34. Rf4+ Kg6 35. Bxf7+ Kg5 36. g3 Nd6 37. Bg8 h6 38. Rd4 Nf5 39. Rd7 Ne3 40. Rg7+ Kf6 41. Rf7+ Kg6 42. Rxa7 Nxc4 43. Kf2 Ne5 44. Bh7+ Kf6 45. Rb7 Rb5 46. h4 Rb2+ 47. Ke3 Rb3+ 48. Kd4 Rxg3 49. Rxb6+ Kg7 50. Bf5 Nf3+ 1/2-1/2

[Event "Buenos Aires TB"]
[Site "Buenos Aires ARG"]
[Date "1996.??.??"]
[Round "10"]
[White "Andres, Miguel"]
[Black "Campos, Jose Felix"]
[Result "1-0"]
[WhiteElo "2330"]
[BlackElo "2305"]
[PlyCount "69"]
[EventDate "1996.??.??"]
[Source "www.chesslib.no"]
[SourceDate "2004.05.04"]

1. e4 e5 2. Nf3 Nc6 3. Nc3 Nf6 4. d4 Bb4 5. Nxe5 Nxe4 6. Qg4 Nxc3 7. Qxg7 Ne4+ 8. c3 Qf6 9. Qxf6 Nxf6 10. Nxc6 dxc6 11. cxb4 Rg8 12. b5 cxb5 13. Bxb5+ c6 14. Bf1 Be6 15. f3 O-O-O 16. Bd2 Rg6 17. a3 Rxd4 18. Be3 Ra4 19. Rd1 Nd5 20. Rd4 Rxd4 21. Bxd4 Bf5 22. g4 Re6+ 23. Kf2 Bc2 24. Bc4 Rd6 25. Bxa7 b6 26. Bxd5 cxd5 27. Rc1 Rh6 28. Rxc2+ Kb7 29. Ke3 Rf6 30. Bxb6 Kxb6 31. Rc3 Rh6 32. Rc2 Rh3 33. b4 d4+ 34. Ke4 Kb5 35. Rc5+ 1-0

[Event "Mar del Plata (open)"]
[Site "?"]
[Date "2004.04.10"]
[Round "9"]
[White "Jimenez Joaquin"]
[Black "Rubinetti Jorge"]
[Result "1/2-1/2"]
[WhiteElo "2195"]
[BlackElo "2439"]
[PlyCount "110"]
[EventDate "2004.??.??"]
[Source "www.chesslib.no"]
[SourceDate "2004.05.04"]

1. e4 e5 2. Nf3 Nc6 3. Nc3 Nf6 4. d4 Bb4 5. Nxe5 Qe7 6. Nxc6 Qxe4+ 7. Qe2 dxc6 8. Bd2 Qxe2+ 9. Bxe2 Bf5 10. O-O-O O-O-O 11. Bg5 Rde8 12. Bf3 Bxc3 13. bxc3 Ne4 14. Bxe4 Bxe4 15. Rhg1 Bd5 16. a3 Re6 17. Be3 Rhe8 18. g3 h6 19. Kd2 Bc4 20. Rde1 Kd7 21. Kd1 b6 22. h4 f6 23. Bf4 Be2+ 24. Kc1 g5 25. hxg5 hxg5 26. Bd2 Bf3 27. Rxe6 Rxe6 28. Re1 Rxe1+ 29. Bxe1 Kd6 30. Bd2 Kd5 31. Be3 Kc4 32. Kb2 a5 33. Bd2 Kd5 34. Be3 Be2 35. Kc1 Ke4 36. Kd2 Bb5 37. Kd1 Kf3 38. Kd2 Bc4 39. Ke1 Kg4 40. Kd1 f5 41. Ke1 f4 42. gxf4 gxf4 43. Bc1 Bb5 44. Bd2 Kf3 45. Kd1 Be2+ 46. Ke1 Bc4 47. Kd1 Be6 48. Ke1 Bf5 49. Kd1 Bg6 50. Kc1 Bh5 51. Kb2 Bf7 52. Kc1 Ke4 53. Kd1 Bh5+ 54. Kc1 Be2 55. Kb2 Bc4 1/2-1/2

[Event "Islington Open"]
[Site "Islington ENG"]
[Date "1972.12.16"]
[Round "3"]
[White "Yeo, Michael J"]
[Black "Pachman, Ludek"]
[Result "1/2-1/2"]
[WhiteElo "2120"]
[BlackElo "2510"]
[PlyCount "41"]
[EventDate "1972.12.15"]
[Source "www.chesslib.no"]
[SourceDate "2004.05.04"]

1. e4 e5 2. Nf3 Nc6 3. Nc3 Nf6 4. d4 Bb4 5. Nxe5 Qe7 6. Qd3 Nxe5 7. dxe5 Qxe5 8. Bd2 O-O 9. O-O-O d6 10. f3 Bd7 11. g4 Bc6 12. Nd5 Bxd2+ 13. Qxd2 Bxd5 14. exd5 Rfe8 15. Bb5 c6 16. Rhe1 Qxd5 17. Rxe8+ Nxe8 18. Qxd5 cxd5 19. Bxe8 Rxe8 20. Rxd5 Re6 21. Kd2 1/2-1/2

[Event "Copenhagen BSF-B"]
[Site "Copenhagen"]
[Date "1995.??.??"]
[Round "7"]
[White "Adamski, Andrzej"]
[Black "Pilgaard, Kim"]
[Result "1-0"]
[WhiteElo "2315"]
[BlackElo "2305"]
[PlyCount "65"]
[EventDate "1995.03.??"]
[Source "ChessBase"]

1. e4 e5 2. Nf3 Nc6 3. Nc3 Nf6 4. d4 Bb4 5. Nxe5 Qe7 6. Qd3 Nxe5 7. dxe5 Qxe5 8. Bd2 O-O 9. O-O-O Bxc3 10. Bxc3 Qf4+ 11. Rd2 Qxe4 12. Qg3 Qg6 13. Bd3 Qxg3 14. hxg3 Re8 15. Bxf6 gxf6 16. Bxh7+ Kf8 17. Bf5 d6 18. Rh8+ Ke7 19. Re2+ Be6 20. Rh7 Kd8 21. Bxe6 fxe6 22. Re4 f5 23. Reh4 a5 24. g4 fxg4 25. Rxg4 Ra6 26. Rgg7 Rc6 27. g4 b6 28. g5 e5 29. g6 d5 30. Rd7+ Kc8 31. g7 Rg6 32. Rxc7+ Kb8 33. Rf7 1-0

[Event "Bucharest ROM"]
[Site "Bucharest ROM"]
[Date "1996.??.??"]
[Round "?"]
[White "Todorovic, Violeta"]
[Black "Dumitrache, Dragos"]
[Result "1/2-1/2"]
[WhiteElo "2100"]
[BlackElo "2510"]
[PlyCount "79"]
[EventDate "1996.??.??"]
[Source "www.chesslib.no"]
[SourceDate "2004.05.04"]

1. e4 e5 2. Nf3 Nc6 3. Nc3 Nf6 4. d4 Bb4 5. Nxe5 Nxe4 6. Qg4 Nxc3 7. Qxg7 Rf8 8. a3 Ba5 9. Nxc6 dxc6 10. Qe5+ Qe7 11. Qxe7+ Kxe7 12. Bd2 Bf5 13. bxc3 Bxc2 14. c4 Bxd2+ 15. Kxd2 Bg6 16. Be2 Rad8 17. Kc3 b6 18. Rhe1 Kd6 19. h4 h6 20. Bf3 Rfe8 21. Rad1 f6 22. h5 Rxe1 23. Rxe1 Re8 24. c5+ bxc5 25. dxc5+ Kxc5 26. Rc1 Be4 27. Bxe4 Rxe4 28. Kd3+ Kd5 29. Rxc6 Rf4 30. Rxc7 Rxf2 31. Rxa7 Rxg2 32. Rh7 Rg3+ 33. Ke2 Rxa3 34. Rxh6 Ke5 35. Rh8 Kf5 36. h6 Kg6 37. h7 Ra7 38. Kf3 Rxh7 39. Rxh7 Kxh7 40. Kg4 1/2-1/2

[Event "Las Palmas op"]
[Site "Las Palmas"]
[Date "1999.12.02"]
[Round "2"]
[White "Larios Crespo, Manuel"]
[Black "Todorcevic, Miodrag"]
[Result "0-1"]
[WhiteElo "2149"]
[BlackElo "2458"]
[PlyCount "68"]
[EventDate "1999.12.01"]
[Source "ChessBase"]
[SourceDate "2000.01.11"]

1. e4 e5 2. Nf3 Nc6 3. Nc3 Nf6 4. d4 Bb4 5. Nxe5 O-O 6. Nxc6 dxc6 7. Bg5 h6 8. Bxf6 Qxf6 9. e5 Qh4 10. Qd3 Rd8 11. O-O-O Qxf2 12. Qf3 Qxf3 13. gxf3 Be6 14. a3 Bxc3 15. bxc3 c5 16. f4 cxd4 17. Rxd4 c5 18. Rxd8+ Rxd8 19. Bg2 b6 20. Be4 g6 21. h4 Bg4 22. Rg1 h5 23. f5 Re8 24. e6 fxe6 25. fxg6 Rf8 26. Rg2 Rf4 27. Bd3 Kg7 28. Kd2 c4 29. Be2 Kxg6 30. Bxg4 hxg4 31. Ke3 Rf3+ 32. Kd4 Kh5 33. Re2 g3 34. Rxe6 g2 0-1

[Event "Arco (Italy)"]
[Site "?"]
[Date "1997.??.??"]
[Round "9"]
[White "De Eccher Stefano"]
[Black "Medancic Rikard"]
[Result "1-0"]
[WhiteElo "2280"]
[BlackElo "2320"]
[PlyCount "91"]
[EventDate "1997.??.??"]
[Source "www.chesslib.no"]
[SourceDate "2004.05.04"]

1. e4 e5 2. Nf3 Nc6 3. Nc3 Nf6 4. d4 Bb4 5. Nxe5 Qe7 6. Qd3 Nxe5 7. dxe5 Qxe5 8. Bd2 O-O 9. O-O-O d6 10. f4 Qe7 11. Re1 Re8 12. Qg3 Bd7 13. Bd3 Bc6 14. Kb1 Qf8 15. e5 dxe5 16. fxe5 Nd7 17. Rhf1 Nc5 18. Bxh7+ Kxh7 19. Rf4 Kg8 20. Rxb4 Re6 21. Rh4 Bd7 22. Rh5 f6 23. Qh4 Kf7 24. Rh7 Rxe5 25. Rxe5 fxe5 26. Bh6 Ne6 27. Ne4 Ke8 28. Nf6+ Ke7 29. Rxg7+ Nxg7 30. Nh7+ Kd6 31. Nxf8 Rxf8 32. b3 Rf1+ 33. Kb2 Ne6 34. Qb4+ c5 35. Qxb7 Bc6 36. Qb8+ Kd5 37. Qg8 Rf2 38. Be3 Re2 39. Bxc5 Bb5 40. Bxa7 Bd3 41. Qa8+ Kd6 42. Bb8+ Ke7 43. Qb7+ Ke8 44. Qc6+ Ke7 45. Qd6+ Kf6 46. Qxd3 1-0

[Event "Gent Open"]
[Site "Gent"]
[Date "1995.??.??"]
[Round "7"]
[White "Van Haastert, Edwin"]
[Black "Geenen, Marc"]
[Result "1/2-1/2"]
[WhiteElo "2305"]
[BlackElo "2295"]
[PlyCount "39"]
[EventDate "1995.??.??"]
[Source "www.chesslib.no"]
[SourceDate "2004.05.04"]

1. e4 e5 2. Nf3 Nc6 3. Nc3 Nf6 4. d4 Bb4 5. Nxe5 O-O 6. Qd3 Re8 7. Bd2 Nxd4 8. Qxd4 c5 9. Qd3 Rxe5 10. O-O-O d5 11. Nxd5 Nxd5 12. Bxb4 cxb4 13. exd5 Bf5 14. Qd4 Re4 15. Qd2 Rc8 16. Bd3 Rd4 17. Qe3 Qxd5 18. Bxf5 Qxf5 19. Rd2 Rdc4 20. Qe2 1/2-1/2

[Event "Islington Open"]
[Site "Islington ENG"]
[Date "1972.12.17"]
[Round "6"]
[White "Sherman, David"]
[Black "Shaw, Terrey I"]
[Result "1/2-1/2"]
[WhiteElo "2200"]
[BlackElo "2390"]
[PlyCount "106"]
[EventDate "1972.12.15"]
[Source "www.chesslib.no"]
[SourceDate "2004.05.04"]

1. e4 e5 2. Nf3 Nc6 3. Nc3 Nf6 4. d4 Bb4 5. Nxe5 Qe7 6. Nxc6 Qxe4+ 7. Qe2 dxc6 8. Bd2 Qxe2+ 9. Bxe2 Bf5 10. O-O-O O-O-O 11. Bg5 Bxc3 12. bxc3 Rde8 13. Bd3 Bxd3 14. Rxd3 Ne4 15. Be3 f5 16. g3 b5 17. d5 c5 18. c4 bxc4 19. Ra3 c3 20. Rxa7 Kd7 21. Kd1 Ra8 22. Rxa8 Rxa8 23. f3 Nf6 24. Bxc5 Rxa2 25. Ke2 Rxc2+ 26. Kd3 Rd2+ 27. Kxc3 Rxd5 28. Bd4 Ne8 29. Ra1 g6 30. Ra8 Nd6 31. Be3 Re5 32. Bf4 Re2 33. h4 Nc8 34. Kd4 Rf2 35. Ke3 Rb2 36. Kd4 Rb3 37. Ke5 Rxf3 38. Kf6 Nb6 39. Rh8 Nd5+ 40. Kg5 Nxf4 41. gxf4 Rg3+ 42. Kh6 Rg4 43. Rxh7+ Kd6 44. Kg7 c5 45. Kf6 Rxf4 46. Kxg6 c4 47. Rh8 Kd5 48. h5 c3 49. Rc8 Kd4 50. h6 Rh4 51. h7 Kd3 52. h8=Q Rxh8 53. Rxh8 c2 1/2-1/2